=LDR 00000nam 2200000 4500 =001 INLIS000000000051308 =005 20201214111240 =035 ##$$a 0010-0917000112 =007 ta =008 201214################g##########0#ind## =020 ##$$a 979-8170-49-0 =082 ##$$a 330.21 =084 ##$$a 330.21 GIF s =100 1#$$a Gifari, Al =245 1#$$a Statistika induktif : $b Untuk ekonomi dan bisnis /$c Al Gifari =260 ##$$a Yogyakarta :$b YKPN,$c 1997 =300 ##$$a xvi, 321 hlm. : $b Ilus ; $c 23 x 18 cm. =650 #4$$a Statistika Induktif =250 ##$$a cet. 1 =990 ##$$a 1036761 =990 ##$$a 1036762